000 00440cam a2200193ua 4500
001 8910
008 150218n ii |||gr||||Z||||||eng
020 _a8170965748
040 _cMAIN
041 _aeng
082 _a822
100 _aFitzwater, E.,
_eAuthor.
245 1 _aMarlowe doctor faustus
_cBy E. Fitzwater
250 _a1st.
260 _aNew Delhi:
_bKalyani,
_c1991.
300 _a64p.
653 _aEnglish drama
942 _cBK
999 _c8004
_d8004